Design and testing of electrical machines (Record no. 23295)

000 -LEADER
fixed length control field 00477nam a22001817a 4500
001 - CONTROL NUMBER
control field 23295
003 - CONTROL NUMBER IDENTIFIER
control field BD-DhUET
008 - FIXED-LENGTH DATA ELEMENTS--GENERAL INFORMATION
fixed length control field 150503b xxu||||| |||| 00| 0 eng d
040 ## - CATALOGING SOURCE
Original cataloging agency DLC
Transcribing agency DLC
Modifying agency BD-DhUET
082 ## - DEWEY DECIMAL CLASSIFICATION NUMBER
Classification number 623.13072
Item number DES/1983
100 ## - MAIN ENTRY--PERSONAL NAME
Personal name Deshpande, M. V.
245 ## - TITLE STATEMENT
Title Design and testing of electrical machines
250 ## - EDITION STATEMENT
Edition statement 1st ed.
260 ## - PUBLICATION, DISTRIBUTION, ETC. (IMPRINT)
Place of publication, distribution, etc. Allahabad
Name of publisher, distributor, etc. Wheeler
Date of publication, distribution, etc. 1983
300 ## - PHYSICAL DESCRIPTION
Extent xvi, 516 p.
Other physical details ill.
650 #0 - SUBJECT ADDED ENTRY--TOPICAL TERM
Topical term or geographic name as entry element Electrical machinery experiments
942 ## - ADDED ENTRY ELEMENTS (KOHA)
Koha item type General Book
Holdings
Source of classification or shelving scheme Damaged status Piece designation (barcode) Not for loan Copy number Withdrawn status Koha item type Sublocation or collection (holding branch) Koha date last seen Date acquired Shelving location Location (home branch) Koha normalized classification for sorting Koha full call number Lost status Price effective from
  72434 1 General BookCentral Library, BUET2015-05-032015-05-03Circulation sectionCentral Library, BUET623_130720000000000_DES_1983623.13072/DES/1983 2015-05-03
  72432 2 General BookCentral Library, BUET2015-05-032015-05-03Circulation sectionCentral Library, BUET623_130720000000000_DES_1983623.13072/DES/1983 2015-05-03
  72431 3 General BookCentral Library, BUET2016-04-112015-05-03Circulation sectionCentral Library, BUET623_130720000000000_DES_1983623.13072/DES/1983 2015-05-03
  72433 4 General BookCentral Library, BUET2015-05-032015-05-03Circulation sectionCentral Library, BUET623_130720000000000_DES_1983623.13072/DES/1983 2015-05-03
  72435 5 Reading ItemCentral Library, BUET2015-06-282015-06-28Reading sectionCentral Library, BUET623_130720000000000_DES_1983623.13072/DES/1983 2015-06-28
  72683 6 Reading ItemCentral Library, BUET2015-06-282015-06-28Reading sectionCentral Library, BUET623_130720000000000_DES_1983623.13072/DES/1983 2015-06-28